000 00740nam a2200217 i 4500
001 48468
003 ES-MaACL
005 20250822004354.0
007 t|
008 950720m18011900fr ||||1| fre d
040 _aCAM
_bspa
_cCAM
100 1 _aDelaborde, Henri.
_943277
245 1 3 _aLa gravure
_b: précis élémentaire de ses origines, de ses procédés et de son histoire /
_cpar le Vte. Henri Delaborde.
260 _aParis :
_bA. Quantin,
_c[18--]
300 _a303, [1] p. ;
_c21 cm.
490 1 _aBibliothèque de l'enseignement des beaux-arts
650 0 4 _aGrabado-
_vHistoria
_913140
830 0 _aBibliothèque de l'enseignement des beaux-arts
_9181140
852 _aES-MaACL
_jB-2552
999 _c48468
_d48468